Εισαγωγή στην πλατωνικη φιλοσοφία
Αποθηκεύτηκε σε:
| Μορφή: | Βιβλίο |
|---|---|
| Γλώσσα: | Greek |
| Δημοσίευση: |
Αθήνα :
Βιβλιοθήκη κλασικών Χάρη Πάτση,
[19--?].
|
| Σειρά: | Άπαντα αρχαίων Ελλήνων συγραφέων.
|
| Θέματα: | |
| Ετικέτες: |
Προσθήκη ετικέτας
Δεν υπάρχουν, Καταχωρήστε ετικέτα πρώτοι!
|
MARC
| LEADER | 00000cam a2200000 a 4500 | ||
|---|---|---|---|
| 001 | 1/121865 | ||
| 008 | 200730q19uu####gr | ||| |||| ||gre|| | ||
| 040 | |a GR-MyUa |b gre |c GR-MyUa |e AACR2 | ||
| 041 | 0 | |a gre | |
| 082 | 7 | |a 184 |2 (23) | |
| 245 | 1 | 0 | |a Εισαγωγή στην πλατωνικη φιλοσοφία / |c κείμενα και επιμέλεια επιτροπής φιλολόγων. |
| 246 | 1 | |i Τίτλος εξωφύλλου: |a Πλάτωνα Άπαντα | |
| 260 | |a Αθήνα : |b Βιβλιοθήκη κλασικών Χάρη Πάτση, |c [19--?]. | ||
| 300 | |a 194, [3] σ. ; |c 25 εκ. | ||
| 490 | 1 | |a (Άπαντα αρχαίων Ελλήνων συγγραφέων, Σειρά Β') | |
| 600 | 0 | 0 | |a Πλάτων, |d 427-347. |
| 650 | 0 | |a Philosophy, Plato. | |
| 650 | 0 | |a Philosophy, Ancient. | |
| 830 | 0 | |a Άπαντα αρχαίων Ελλήνων συγραφέων. |n Σειρά Β'. | |
| 852 | |a INST |b SAMOS |e 20200730 |h 184 ΕΙΣ |p 005300046656 |q 005300046656 |t BK |y 0 | ||
| 920 | |a Αναγνώστου |b Αθανάσιος |y Σάμος |z 2019-10 | ||
| 970 | |a Φιλιππή |b Φάλη |z 30-07-2020 | ||